|
|
|
|
| LEADER |
00000nab a2200000 ar4500 |
| 001 |
vtls008964037 |
| 003 |
SK-MaSNL |
| 005 |
20260303070803.0 |
| 008 |
070413c2006 xo qr|p|||||||000 b|slo |
| 015 |
|
|
|a SNBRB2007/04
|2 snkbucl
|
| 038 |
|
|
|a SNKBUCL
|
| 040 |
|
|
|a SNKBUCL
|b slo
|c SNKBUCL
|e AACR2
|
| 041 |
0 |
|
|a slo
|
| 044 |
|
|
|a xo
|c SK
|
| 080 |
|
|
|a 351.746
|2 2001
|
| 100 |
1 |
|
|a Novák, František
|4 aut
|9 5732
|
| 245 |
1 |
0 |
|a Neriešené problémy poskytovania bezpečnostných služieb
|c František Novák
|
| 650 |
0 |
7 |
|a súkromné bezpečnostné služby
|2 snkbucl
|9 60236
|
| 773 |
0 |
|
|t Alarm security magazín
|g Roč. VIII., č. 4 (2006), s. 2-4
|x 1335-504X
|
| 852 |
|
|
|a SNK
|b KIS3GCP
|
| 999 |
|
|
|c 1756925
|d 1758855
|